A árvore da família no coração (Registo nº 50401)

Detalhes MARC
000 -Etiqueta do registo
campo de controlo de comprimento fixo 008120000a22002530004500
001 - Identificador do registo
Campo de controlo 50401
010 ## - ISBN
Número (ISBN) 972-8570-25-2
021 ## - Nº depósito legal
Código do país Portugal
Número 208726/04
100 ## - Dados Gerais de Proc.
Dados gerais de processamento 20100630d2010 k y0pory5003 ba
101 0# - Língua da publicação
Língua do texto, banda sonora, etc. Português
102 ## - País de Publicação
País de publicação Portugal
200 1# - Título
Título próprio A árvore da família no coração
Primeira menção de responsabilidade Graça Gonçalves
Outras menções de responsabilidade Ilust. de Augusto Figueiredo
210 ## - Publicação, Distribuição
Lugar da edição, distribuição, etc. Aveiro
Nome do editor, distribuidor, etc. Gostar
Data da publicação, distribuição, etc. 2004
215 ## - Descrição física
Descrição física 52, [4] p.
Outras indicações físicas il.
Dimensões 26 cm
606 ## - Nome comum
Koha Internal code 2153
Elemento de entrada Literatura para crianças e jovens
675 ## - CDU
Notação 087.5
Edição BN
Língua da edição Português
675 ## - CDU
Notação 821.134.3-93"19/20"
Edição BN
Língua da edição Português
675 ## - CDU
Notação 821.134.3-34"19/20"
Edição BN
Língua da edição Português
700 #1 - Responsabilidade principal
Koha Internal Code 22528
Palavra de ordem Gonçalves
Outra parte do nome Graça
Datas 1951
702 #1 - Responsabilidade secundária
Koha Internal Code 19837
Código de função Ilustrador
Palavra de ordem Figueiredo
Outra parte do nome Augusto
801 ## - Fonte de origem
País Portugal
Data da última transacção 20100630
090 ## - Números de controlo do sistema (Koha)
Número biblioitem do Koha (gerado automaticamente) 50401
942 ## - Elementos de entrada adicionados (Koha)
Tipo de item no Koha Monografias
Suprimido Disponível no OPAC
999 ## - Campo local
Campo local 50401
Exemplares
Removido (estado) Perdido (estado) Data de aquisição Origem do registo (biblioteca) (codificado) Código da organização que empresta ou é detentora (biblioteca) Código de barras Número de inventário Cota Tipo de circulação (não pode ser emprestado) Tipo de item e material
Disponível Disponível 2010-06-30 Biblioteca EB23 D. Paio Peres Correia Biblioteca EB23 D. Paio Peres Correia BEBDPPC4469 4469 82-34 GON Normal Monografias